Spectacular Slovakia 2002 travel guide
Saved in:
| Format: | Book |
|---|---|
| Language: | English |
| Published: |
Bratislava
<The> Rock
2002
|
| Edition: | 7th ed. |
| Subjects: | |
| Tags: |
No Tags, Be the first to tag this record!
|
MARC
| LEADER | 00000nam$a2200000$$$4500 | ||
|---|---|---|---|
| 001 | 0026751 | ||
| 005 | 20240116140734.2 | ||
| 020 | |a 80-968782-0-4 | ||
| 041 | 0 | |a eng | |
| 044 | |a SK | ||
| 245 | 1 | 0 | |a Spectacular Slovakia 2002 |b travel guide |
| 250 | |a 7th ed. | ||
| 264 | 1 | |a Bratislava |b <The> Rock |c 2002 | |
| 300 | |a 153 s. | ||
| 610 | 2 | 0 | |a ruch cestovný |
| 610 | 2 | 0 | |a Slovensko |
| 610 | 2 | 0 | |a podnikanie |